Statistics for 72 jmen české historie

Click here to take the quiz!

General Stats

  • This quiz has been taken 358 times
    (356 since last reset)
  • The average score is 6 of 72

Answer Stats

NápovědaJméno% Correct
6český král a římský císařKarel IV.
91%
1kronikářKosmas
72%
11univerzitní mistr, reformátor, kazatelJan Hus
69%
33pedagog, filozof, vědec, spisovatelJan Amos Komenský
58%
60historikFrantišek Palacký
36%
25římský císař, český král, mecenáš umění a vědRudolf II.
31%
47historik, jazykovědec, slavista, bohemista a orientalista, osvícenecJosef Dobrovský
27%
4český králVáclav II.
27%
53jazykovědec, historik, vlastenec, buditelJosef Jungmann
26%
39vynálezce hromosvoduProkop Diviš
24%
28lékař, filozof, jeden z 27 českých pánůJan Jessenius (Jesenský)
22%
68básník, pohádkář, etnograf, historikKarel Jaromír Erben
22%
55fyziolog, lékař, zastánce slovanské vzájemnostiJan Evangelista Purkyně
16%
57historik, „objevitel“ Královedvorského a Zelenohorského rukopisuVáclav Hanka
14%
24astronom, matematikTycho de Brahe
12%
20polyhistorTadeáš Hájek z Hájku
10%
29matematik, astronom, astrologJohannes Kepler
9%
63geolog, paleontolog, stavební inženýrJoachim Barrande
6%
35jezuitský pedagog, historikBohuslav Balbín
5%
61sběratel slovanských básní, básníkFrantišek Ladislav Čelakovský
5%
19bratrský teolog, spisovatel muzikologJan Blahoslav
3%
23vydavatel, překladatelDaniel Adam z Veleslavína
2%
56vlastenec, buditel, zakladatel české přírodovědecké literaturyJan Svatopluk Presl
2%
9reformátorTomáš Štítný ze Štítného
2%
54filozof, matematik, teologBernard Bolzano
1%
52sběratel, mecenáš, numismatik, politik, vlastenecFrantišek Josef hrabě Šternberk
1%
41historikGelasius Dobner
1%
16lékař, důlní odborník, přírodovědecGeorgius (Jiří) Agricola
1%
51botanik, geolog, zakladatel paleobotanikyKašpar Maria hrabě Šternberk
1%
59slavistaPavel Josef Šafařík
1%
3kronikářPetr Žitavský
1%
26lékař, pedagogAdam Zalužanský ze Zalužan
0%
49astronom, kartograf, tepelský premonstrátAlois Martin David
0%
69mineralogAugust Emanuel Reuss
0%
67kustod Vlasteneckého muzea v Praze, paleontolog, mykologAugust Karl Joseph Corda
0%
7stavitel, kronikářBeneš Krabice z Weitmile
0%
15spisovatel, básníkBohuslav Hasištejnský z Lobkovic
0%
64matematik, fyzik, astronomChristian Johann Doppler
0%
12právník, politikCtibor Tovačovský z Cimburka
0%
62fyzikFrantišek Adam Petřina
0%
48matematik, astronom, technikFrantišek Josef Gerstner
0%
44historik, buditelFrantišek Martin Pelcl
0%
58mineralogFrantišek Xaver Maxmiliám Zippe
0%
70zoologFriedrich Stein
0%
46přírodovědec, sběratel minerálů a zkamenělin, teoretik hornictví, chemik, satirikIgnác Born
0%
36lékař, patolog, pedagog, vydavatel kalendářůJakub Jan Václav Dobčenský z Černého mostu
0%
65básník, povídkář, archeologJan Erazim Vocel
0%
38katolický kněz, historikJan František Beckovský
0%
71geolog, pedagogJan Krejčí
0%
34vědec, medik, filozof, fyzikJan Marek Marci z Kronlandu
0%
42matematik, fyzik, astronomJan Tesánek
0%
72politikJindřich Jaroslav hrabě Clam-Martinic
0%
40matematik, geolog, paleontolog, astronom, meteorologJosef Stepling
0%
66spisovatel, pedagog, zastánce dobrých česko-německých vztahůJosef Wenzig
0%
27protestantský státník, vzdělanecKarel starší ze Žerotína
0%
10astronom, lékař, matematik, teologKřišťan z Prachatic
0%
22astronom, matematik, pedagogMartin Bacháček z Nauměřic
0%
43historik, numismatik, encyklopedistaMikuláš Adaukt Voight
0%
8státník, právníkOndřej z Dubé
0%
21právníkPavel Kristián z Koldína
0%
31právník, historik, exulantPavel Skála ze Zhoře
0%
32právník, historik, básník, exulantPavel Stránský ze Záp
0%
5státník, šlechticPetr I. z Rožmberka
0%
18lékař, autor herbářePietro Andrea Matthioli
0%
14překladatel a spisovatelŘehoř Hrubý z Jelení
0%
17politik, spisovatelSixt z Ottersdorfu
0%
45matematik, pedagogStanislav Vydra
0%
50botanik, lékař, etnografTadeáš Haenke
0%
37historik, básníkTomáš Jan Pešina z Čechorodu
0%
13spisovatel, právník, univerzitní mistrViktorin Kornel ze Všehrd
0%
30státník, spisovatelVilém Slatava z Chlumu a Košumberka
0%
2kronikářVincentius
0%

Score Distribution

Percentile by Number Answered

Percent of People with Each Score

Your Score History

You have not taken this quiz since the last reset